Demografía. Unidad 1 /
Guardat en:
| Autor principal: | |
|---|---|
| Altres autors: | , , , , , |
| Format: | Text |
| Publicat: |
México D.F.:
CELADE; Programa Latinoamericano de Actividades en Población; UNAM. Instituto de Investigaciones Sociales
|
| Matèries: | |
| Etiquetes: |
Afegir etiqueta
Sense etiquetes, Sigues el primer a etiquetar aquest registre!
|
MARC
| LEADER | 00000 a a2200000 04500 | ||
|---|---|---|---|
| 001 | 10762 | ||
| 003 | |||
| 040 | |||
| 090 | |a 137200 | ||
| 100 | |a Rodríguez, Jorge | ||
| 245 | |a Demografía. Unidad 1 / |c Jorge Rodríguez | ||
| 260 | |a México D.F.: |b CELADE; Programa Latinoamericano de Actividades en Población; UNAM. Instituto de Investigaciones Sociales | ||
| 300 | |a 237 p. | ||
| 300 | |b **no definido** |b fonodiscos | ||
| 500 | |a Contiene un anexo de ejercicios y gráficos en diskette en No. 194200 | ||
| 650 | |a DEMOGRAFIA | ||
| 650 | |a CIENCIAS SOCIALES | ||
| 650 | |a POBLACION | ||
| 650 | |a MORTALIDAD | ||
| 650 | |a MIGRACION | ||
| 650 | |a FECUNDIDAD | ||
| 650 | |a URBANIZACION | ||
| 650 | |a INDICADORES | ||
| 650 | |a POBLACION | ||
| 650 | |a DEMOGRAFIA | ||
| 650 | |a MIGRACION | ||
| 700 | |a Guzmán M, José Miguel | ||
| 700 | |a Jaspers - Faijer, Dirk | ||
| 700 | |a Macció, Guillermo | ||
| 700 | |a Pujol, José Miguel | ||
| 700 | |a Villa, Miguel | ||
| 700 | |a Welti, Carlos | ||
| 700 | |a | ||
| 999 | |c 1149 |d 1149 | ||
